Biología, cariología y taxonomía de Klebsormidium (Klebsormidiales, Charophyta) /

Guardado en:
Autor Principal: Sánchez Puerta, María V.
Autor Corporativo: Universidad Nacional del Sur
Formato: Libro
Idioma:Spanish
Publicado: Bahía Blanca : Universidad Nacional del Sur, 2000.
Series:Tesina
Materias:
Uns
Etiquetas: Agregar Etiqueta
Sin Etiquetas, Sea el primero en etiquetar este registro!
LEADER 00725nam a22002055a 4500
001 EUN.um068932
008 041125s2000####ag#a##########000#0#spa#d
005 20260226112051.0
245 1 0 |a Biología, cariología y taxonomía de Klebsormidium (Klebsormidiales, Charophyta) /  |c Universidad Nacional del Sur. María V. Sánchez Puerta. 
260 |a Bahía Blanca :  |b Universidad Nacional del Sur,  |c 2000. 
300 |a 32 h. :  |b il. ;  |c 30 cm.. 
490 0 |a Tesina 
100 1 |a Sánchez Puerta, María V. 
110 2 |a Universidad Nacional del Sur  |c Bahía Blanca. 
082 0 4 |a 589.47 
653 |a Botanica 
653 |a Algas 
653 |a Tesinas 
653 |a Uns 
859 |a AR-BaUNS  |b BIB. CENTRAL - Sector A  |h 589.47  |i Sa55  |p 129108/025  |t Ej.2